000 00555nam a2200193Ia 4500
005 20250508153405.0
008 008 250505s9999 xx 000 0 eng d
037 _aBooks to be hide in OPAC
040 _aFEDL
_beng
_cFEDL
041 _aeng
_2eng
084 _a373.73, UNI/O
_qFEDL
100 _aJewett Arno
245 0 _aEnglish language arts in American high schools
245 0 _cU S Department of Health, Education, and Welfare
260 _c1958
300 _a120p.
942 _cHB
_h373.73, UNI/O
999 _c1342513
_d1342513